Substance abuse in the workplace /

Bibliographic Details
Main Author: Campbell, Reginald L.
Corporate Author: Lewis Publishers
Other Authors: Langford, Roland E.
Format: Book
Language:English
Published: Boca Raton, Fla. : Lewis Publishers, [1995]
Subjects:

MARC

Tag First Indicator Second Indicator Subfields
LEADER 00000cam a2200000 a 4500
001 in00001243473
005 20151003063131.0
008 950531s1995 flu 000 0 eng d
020 |a 0873711319 
035 |a (OCoLC)32579412 
035 |9 AGS9598AM 
040 |a EVG  |c EVG  |d UtOrBLW 
049 |a TXAM 
090 |a HF5549.5.D7  |b C356 1995 
100 1 |a Campbell, Reginald L. 
245 1 0 |a Substance abuse in the workplace /  |c Reginald L. Campbell, R. Everett Langford. 
264 1 |a Boca Raton, Fla. :  |b Lewis Publishers,  |c [1995] 
264 4 |c ©1995 
300 |a 211 pages :  |b illustrations ;  |c 24 cm. 
336 |a text  |b txt  |2 rdacontent 
337 |a unmediated  |b n  |2 rdamedia 
338 |a volume  |b nc  |2 rdacarrier 
504 |a Includes bibliographical references and index. 
650 0 |a Drugs and employment  |z United States. 
650 0 |a Alcoholism and employment  |z United States. 
650 0 |a Substance abuse  |z United States. 
650 0 |a Employee assistance programs  |z United States. 
700 1 |a Langford, Roland E. 
710 2 |a Lewis Publishers. 
999 |a MARS 
999 f f |s ec6c64f1-7826-3626-8459-ffc8fbe25f82  |i cdd7f28e-064a-3f26-94d1-f92d782c2c9e  |t 0 
952 f f |p ric  |a Texas A&M University  |b Rellis Campus  |c Joint Library Facility  |d Remote Storage  |t 0  |e HF5549.5.D7 C356 1995  |h Library of Congress classification  |i unmediated -- volume  |m A14819410528 
998 f f |a HF5549.5.D7 C356 1995  |t 0  |l Remote Storage